Big cats by picture - Statistics

General Stats
  • This quiz has been taken 63 times
    55 since last reset
  • The average score is 7 of 10
Answer Stats
Picture Answer % Correct
Lion
100%
Tiger
98%
Leopard
96%
Cheetah
93%
Jaguar
89%
Panther
84%
Snow leopard
73%
Caracal
40%
Ocelot
38%
Clouded Leopard
18%
No matching quizzes found
Score Distribution
Percent of People with Each Score
Percentile by Number Answered
Your Score History
You have not taken this quiz since the last reset